[Event "Linares Anibal op 04th"]
[Site "Linares"]
[Date "1997.??.??"]
[Round "3"]
[White "Maharramzade, Javad"]
[Black "Pigusov, Evgeny"]
[Result "0-1"]
[WhiteElo "2430"]
[BlackElo "2565"]
[Annotator "Baburin,A"]
[PlyCount "100"]
[EventDate "1997.02.??"]
[EventType "swiss"]
[EventRounds "10"]
[EventCountry "ESP"]
[SourceTitle "CBM 058"]
[Source "ChessBase"]
[SourceDate "1997.06.01"]
[SourceVersion "1"]
[SourceVersionDate "1997.06.01"]
[SourceQuality "1"]

1. d4 Nf6 2. Nf3 e6 3. g3 b5 4. Bg2 Bb7 5. O-O c5 6. c3 Be7 7. Bg5 Na6 8. Nbd2
O-O 9. Re1 h6 10. Bxf6 Bxf6 11. e4 cxd4 12. cxd4 Qb6 13. Nb3 d5 14. e5 Be7 15.
a3 Rfc8 16. Bf1 Nb8 17. Nc1 a5 18. Bd3 Nd7 19. Bb1 a4 20. Nd3 Rc4 21. Ba2 {
[#]White's position is worse: he does not have clear play on the king side,
while on the opposite wing Black is stronger, having more space and possessing
the only open file. Probably White counted on his last move, hoping that he
can compete for control over the c-file. However, Black's next move shatters
these illusions.} Rd8 $1 {Black clearly shows that he does not mind giving
away the Exchange: after the possible Bxc4 dxc4 Black will get compensation in
the form of control over the long diagonal, the d5-square, queen side pawn
majority and potential pressure on the d4-pawn. This sacrifice is a typical
example of exploiting an outpost on the open file with a rook. Here Black has
a long-term strategic initiative.} 22. Qe2 Nf8 23. h4 Qc6 24. Rac1 Rc8 25. Qd2
Qb6 26. Kg2 Ng6 27. Nc5 $6 (27. Bxc4 $142 dxc4 28. Nf4 Rd8 $5 29. Nxg6 fxg6 $15
) 27... Bxc5 $1 {Black continues to offer the Exchange, which is the best
strategy here.} ({Black could have won a pawn by} 27... Rxc1 28. Rxc1 Bxc5 29.
dxc5 Rxc5 30. Qd4 Rc6 31. Qxb6 Rxb6 {but after} 32. Bb1 {his winning chances
in the resulting endgame would be quite dubious - White has a lot of
positional compensation for the pawn.}) 28. Bxc4 dxc4 29. dxc5 Rxc5 $19 {
The pressure on the long diagonal is irresitable.} 30. Qc3 Qc6 31. Rcd1 Nxe5
32. Rd8+ Kh7 33. Rxe5 Qxf3+ 34. Qxf3 Bxf3+ 35. Kxf3 Rxe5 36. g4 h5 37. g5 Kg6
38. Rd7 f6 39. gxf6 gxf6 40. Rb7 Rd5 41. Ke4 f5+ 42. Kf4 Kf6 43. Rh7 e5+ 44.
Kg3 Rd3+ 45. Kg2 Rb3 46. Rh6+ Kg7 47. Rxh5 Rxb2 48. Rxf5 c3 49. Rxe5 c2 50. Rc5
b4 0-1

[Event "CZE-ch"]
[Site "Turnov"]
[Date "1996.??.??"]
[Round "3"]
[White "Meduna, Eduard"]
[Black "Stocek, Jiri"]
[Result "1-0"]
[WhiteElo "2435"]
[BlackElo "2465"]
[Annotator "Baburin,A"]
[PlyCount "65"]
[EventDate "1996.??.??"]
[EventType "tourn"]
[EventRounds "11"]
[EventCountry "CZE"]
[EventCategory "8"]
[SourceTitle "CBM 054"]
[Source "ChessBase"]
[SourceDate "1996.10.01"]
[SourceVersion "1"]
[SourceVersionDate "1996.10.01"]
[SourceQuality "1"]

1. d4 Nf6 2. Nf3 e6 3. Bg5 h6 4. Bxf6 Qxf6 5. e4 d6 6. Nc3 g5 7. Bb5+ Nd7 8.
O-O a6 9. e5 dxe5 10. Bxd7+ Bxd7 11. Nxe5 O-O-O 12. Ne4 Qg7 13. Re1 f5 $2 {
[#]This committal move leads to a permanent hole on e5, which is a perfect
outpost for the white knight, which is already there.} 14. Nc5 Bxc5 15. dxc5
Bc6 16. Qh5 Be8 17. Qe2 Rd4 18. Qe3 Re4 19. Qc3 Bc6 20. f3 Rxe1+ 21. Rxe1 Bd5
22. c6 $1 Bxc6 23. Qd4 Be8 24. Qa7 c5 25. Qxc5+ Qc7 26. Qd4 Bb5 27. Nf7 $1 {
Heading towards another promising destination - the d6-square.} Rf8 28. Nd6+
Kb8 29. c4 Rd8 30. c5 $1 {White has turned the d6-square into an outpost and
now has a winning position.} Bc4 31. a4 Qa5 32. Qe5 Bd5 33. Nf7+ 1-0

[Event "Yerevan op"]
[Site "Yerevan"]
[Date "1996.??.??"]
[Round "3"]
[White "Nalbandian, Tigran"]
[Black "Malaniuk, Vladimir P"]
[Result "0-1"]
[WhiteElo "2475"]
[BlackElo "2585"]
[Annotator "Belov,I"]
[PlyCount "94"]
[EventDate "1996.??.??"]
[EventType "swiss"]
[EventRounds "11"]
[EventCountry "ARM"]
[SourceTitle "CBM 052 Extra"]
[Source "ChessBase"]
[SourceDate "1996.07.01"]
[SourceVersion "1"]
[SourceVersionDate "1996.07.01"]
[SourceQuality "1"]

1. d4 d6 2. Bg5 $5 h6 (2... Nd7 3. c4 (3. Nd2 Ngf6 4. Ngf3 h6 5. Bf4 g5 6. Bg3
Nh5 7. e3 Bg7 8. c3 c6 9. Qb3 Qb6 10. Nc4 Qc7 11. a4 $14 {Nalbaldian,T-Belikov,
V/Voskresensk/1993/0,5/61/}) (3. Nf3 f5 4. e3 Ngf6 5. c4 e5 6. Nc3 c6 7. Qc2 h6
8. Bxf6 Qxf6 9. Be2 Be7 10. O-O-O O-O 11. Kb1 $14 {Litus,V-Vorotnikov,V/Moscow/
1992/0:1/40/}) 3... Ngf6 4. Nc3 h6 5. Bh4 g5 6. Bg3 Nh5 7. e3 Nxg3 8. hxg3 Bg7
9. Bd3 e6 10. Nge2 Qe7 11. g4 Nf6 12. Ng3 $14 {Gurevich,M-Tal,M/Barcelona/1992/
1:0/44/}) (2... c5 3. dxc5 Qa5+ 4. Nc3 Qxc5 5. Qd2 h6 6. Bf4 Nf6 7. e4 a6 8.
O-O-O e5 9. Be3 Qc7 10. f4 Nbd7 11. Nf3 Be7 12. Nd5 Nxd5 13. exd5 $14 {Komarov,
D-Sakaev,K/Kherson/1991/1:0/61/}) (2... f6 $6 3. Bh4 e5 4. e4 Qe7 5. Nc3 c6 6.
Nf3 Nh6 7. Bc4 Bg4 8. d5 c5 9. h3 Bc8 10. Nd2 Nf7 11. Qf3 Nd7 12. Bd3 $16 {
Sokolov,I-Ermenkov,E/Pula tt/1991/1:0/33/}) (2... g6 3. e3 (3. c4 Bg7 4. Nc3 h6
5. Bh4 c5 6. d5 Qa5 7. Qd2 f5 8. e3 Nd7 9. f4 Bxc3 $1 10. bxc3 Ngf6 11. Bd3 $13
{Sokolov,I-Jansa,V/Kobenhavn/1991/1:0/33/}) 3... Bg7 4. c4 Nf6 5. Nc3 O-O 6.
Be2 c6 7. Nf3 a6 8. O-O b5 9. b4 a5 10. a3 bxc4 11. Bxc4 Nbd7 12. b5 Nb6 13.
Be2 cxb5 14. Nxb5 $14 {Gurevich,M-Garrido,D/FRA/1991/1:0/26/}) 3. Bh4 Nd7 (3...
c5 4. dxc5 Qa5+ 5. c3 Qxc5 6. Nd2 Nc6 7. e4 g6 8. f4 Bg7 9. Nc4 Nf6 10. Bf2 Qh5
11. Qxh5 Nxh5 12. g3 Nf6 13. Bg2 O-O 14. Ne2 $14 {Rivas Pastor,M-Epishin,V/Dos
Hermanas,1993/1;0/58/}) (3... Bf5 $5 4. Nc3 d5 5. e3 c6 6. Bd3 Bxd3 7. Qxd3 Nd7
8. e4 dxe4 9. Nxe4 Qa5+ 10. Nd2 e6 11. Ngf3 Be7 12. Bg3 Ngf6 13. O-O O-O $10 {
Gurevich,M-Azmaiparashvili,Z/Manila olm/1992/1:0/37/}) 4. e3 Ngf6 5. Nf3 (5. c4
g5 6. Bg3 Bg7 7. Nc3 $14) 5... g5 6. Bg3 Nh5 7. Bd3 Bg7 8. Nbd2 e6 9. c3 Qe7
10. Qe2 a6 11. Bc2 (11. e4 b6 12. O-O-O $14) 11... b6 12. Qc4 $6 (12. e4 $142)
12... Nxg3 13. hxg3 c5 $1 14. Qd3 Bb7 $10 15. e4 Rc8 16. Rd1 (16. O-O $142)
16... b5 17. a4 c4 18. Qe2 d5 19. axb5 (19. O-O O-O 20. Rfe1 b4 21. exd5 Bxd5
22. Be4 $10) 19... axb5 20. O-O O-O 21. e5 (21. exd5 Bxd5 22. Ne5 Nxe5 23. dxe5
Qb7 $15) (21. Ra1 Ra8 22. Rfe1 $10) 21... Ra8 22. Ra1 f6 $1 23. exf6 Qxf6 $15
24. Rfe1 (24. Rxa8 Rxa8 25. Re1 Ra2 $132 (25... Nf8 $2 26. Ne5 Ra2 27. Ndf3 Kh8
(27... Rxb2 $2 28. Bh7+ $18) 28. Bb1 $16)) 24... Rxa1 25. Rxa1 Re8 26. Ra7 Bc6
27. Rc7 e5 28. dxe5 Nxe5 29. Nd4 $2 (29. Nxe5 Rxe5 30. Qf3 Re6 $13) 29... Nd3
30. Bxd3 (30. Rxc6 Qxc6 31. Nxc6 Rxe2 $19) (30. Qf1 Re1 31. Bxd3 (31. Rxc6
Qxf2+ 32. Kh2 Rxf1 $19) 31... Rxf1+ 32. Bxf1 Be8 $17) 30... Rxe2 31. Bxe2 Be8
$17 32. Rc8 Qg6 33. Bg4 $2 (33. N2f3 Kh7 34. Rc7 $132) 33... Bxd4 $1 34. cxd4
Kg7 $19 35. Nf3 h5 36. Rc7+ Kf8 37. Bc8 g4 38. Ne5 Qb1+ 39. Kh2 Qxb2 40. f4
Qxd4 41. Bf5 Qf2 (41... b4 42. Bg6 Bxg6 43. Nxg6+ Ke8 $19) 42. Rh7 (42. Bg6 h4
43. gxh4 (43. Rc8 hxg3+ 44. Kh1 Qf1#) 43... Qxf4+ 44. g3 Qxe5 $19) 42... b4 43.
Be6 b3 44. f5 b2 45. Bf7 Qxf5 46. Rh8+ Kg7 47. Rxe8 b1=Q 0-1

[Event "Wch U20 Girls 34th"]
[Site "Bhubaneswar"]
[Date "2016.08.20"]
[Round "12"]
[White "Rodriguez Rueda, Paula Andrea"]
[Black "Saduakassova, Dinara"]
[Result "0-1"]
[WhiteElo "2321"]
[BlackElo "2423"]
[Annotator "Besenthal,K"]
[PlyCount "102"]
[EventDate "2016.08.08"]
[EventType "swiss"]
[EventRounds "13"]
[EventCountry "IND"]
[SourceTitle "CBM 173 Extra"]
[Source "ChessBase"]
[SourceDate "2016.08.29"]
[SourceVersion "1"]
[SourceVersionDate "2016.08.29"]
[SourceQuality "1"]

1. d4 Nf6 2. Nf3 e6 3. g3 b5 4. Bg2 Bb7 5. a3 c5 6. O-O Na6 7. Bf4 Qb6 8. Nc3
Nd5 9. Nxd5 Bxd5 10. e4 Bxe4 11. dxc5 Qb7 12. b4 Be7 13. Ne1 Bxg2 14. Nxg2 Nc7
15. Ne3 Bf6 16. Rb1 O-O 17. Bd6 Rfc8 18. Qd3 Ne8 19. Ng4 h5 20. Nxf6+ Nxf6 21.
Rfd1 Nd5 22. Qf3 f6 23. Rb3 a5 24. bxa5 Qc6 25. Qxh5 Rxa5 26. g4 $6 {Diagramm 
[#] Das sieht eigentlich gut aus: Der weiße Turm kann nach h3 gelangen, und
g4-g5 in Verbindung mit Tg3 geht vielleicht auch. Jedoch...} ({Mit} 26. Rbd3 $1
{und dann erst g3-g4 konnte Weiß den nächsten Zug der Schwarzen unterbinden
und hätte klaren Vorteil gehabt.}) 26... e5 $1 {Entspannt die Lage für
Schwarz: Plötzlich kann der Springer nach f4 gelangen und in der Folge die
Dame nach e4 (was auch h7 deckten würde).} 27. Bxe5 $2 {Gleich noch ein
Fehler. Dieses Figurenopfer reicht nicht.} fxe5 28. Qxe5 Nf6 29. g5 Qe4 30. Qd6
Nh5 31. Qxd7 Rxc5 32. Qd8+ Kh7 33. Rb4 Rc4 34. Rxc4 bxc4 35. Rd4 {Diagramm [#]}
Qf5 $2 (35... Qe1+ $1 {hätte den Sack sofort zugemacht:} 36. Kg2 Rf5 $19 {
Mit ihrer ausgezeichneten Technik gewinnt Saduakassova aber auch so.}) 36. Rh4
Qxg5+ 37. Qxg5 Rxg5+ 38. Kf1 Rc5 39. Ke2 Kg6 40. Kd2 Ra5 41. Rxc4 Rxa3 42. c3
Nf6 43. Ke3 Ra1 44. Kf3 Rh1 45. Kg2 Rc1 46. Kf3 Rh1 47. Kg2 Rd1 48. Rc8 Rd3 49.
c4 Rc3 50. Rc7 Nh5 51. f3 Kg5 0-1

[Event "EU-ch 9th"]
[Site "Plovdiv"]
[Date "2008.04.30"]
[Round "9"]
[White "Bindrich, Falko"]
[Black "Stocek, Jiri"]
[Result "1/2-1/2"]
[WhiteElo "2513"]
[BlackElo "2584"]
[Annotator "Bindrich,F"]
[PlyCount "92"]
[EventDate "2008.04.21"]
[EventType "swiss"]
[EventRounds "11"]
[EventCountry "BUL"]
[SourceTitle "CBM 124"]
[Source "ChessBase"]
[SourceDate "2008.05.28"]
[SourceVersion "1"]
[SourceVersionDate "2008.05.28"]
[SourceQuality "1"]

1. Nf3 Nf6 2. c4 d6 3. Nc3 Bg4 4. d4 Nbd7 (4... g6 5. e3 Bg7 6. Be2 O-O 7. h3 (
7. O-O c5 8. d5 e5 9. e4 Nh5 10. g3 Na6 11. Nh4 Bxe2 12. Qxe2 Nf4 13. gxf4 Qxh4
14. f5 Kh8 15. Kh1 Rg8 16. Rg1 gxf5 17. Bg5 {1-0 Dorfman,J-Romanishin,O/Saint
Vincent 2000/CBM 074 ext}) 7... Bxf3 8. Bxf3 c6 9. O-O Nbd7 10. b4 e5 11. b5
Qc7 12. Rb1 $14 {1-0 Tukmakov,V-Onischuk,A/Koszalin 1999/CBM 073 (41)}) 5. g3 (
5. e4 e5 6. Be2 exd4 7. Nxd4 Bxe2 8. Qxe2 g6 9. O-O Bg7 10. Bf4 O-O 11. Rad1 h6
12. Be3 Re8 13. f3 Kh7 14. Rfe1 c6 15. Nb3 {1/2-1/2 Andersson,U-Spassky,B/
Bugojno 1982/MCD}) 5... c6 (5... e5 6. Bg2 c6 7. O-O Be7 8. h3 Bxf3 (8... Bh5
9. Nh4 O-O 10. g4 Bg6 11. e3 Ne8 12. Nxg6 hxg6 13. b4 $14 {1-0 Najer,
E-Gasthofer,A/Pardubice 2004/CBM 101 ext (41)}) 9. Bxf3 O-O 10. e3 Re8 11. Bg2
Bf8 12. Qd3 Qe7 13. f4 e4 14. Qe2 d5 15. b3 Nb6 16. c5 Nbd7 17. b4 $14 {
1/2-1/2 Sveshnikov,E-Suetin,A/Sochi 1980/MCD (40)}) 6. Bg2 e6 $5 7. e4 Be7 8.
O-O O-O 9. h3 (9. Be3 Bh5 10. Qc2 h6 $14) 9... Bh5 10. Be3 h6 11. a3 $5 Re8 12.
b4 e5 13. Qb3 Bg6 14. Nd2 (14. Nh4 $1 Bh7 (14... Bxe4 15. Bxe4 exd4 16. Bxd4
Nxe4 17. Nxe4 Bxh4 18. Nxd6 Re6 19. Nxb7 $14) 15. Nf5 Bf8 16. Rad1 Qc7 17. Rfe1
$14) 14... Nh5 $5 (14... exd4 $1 15. Bxd4 Qc7 16. f4 Bh7 $14) (14... a5 15. d5
$1 h5 $1 16. dxc6 $1 bxc6 17. b5 Rb8 18. Rfd1 h4 19. g4 $14) 15. dxe5 $5 (15.
d5 $5 Bg5 16. Bxg5 Qxg5 17. Nf3 Qf6 18. Rfe1 $14) 15... dxe5 16. c5 b6 17. cxb6
axb6 18. Nc4 Bg5 (18... b5 $1 19. Na5 Rxa5 20. bxa5 Qxa5 21. Na2 $1 Qxa3 22.
Qxa3 Bxa3 23. Rab1 $14) 19. Rfd1 $6 (19. Bxg5 $1 hxg5 (19... Qxg5 20. Rfd1 $16)
20. Rfd1 Nhf6 21. Nd6 Re6 22. Rd3 Bh5 23. Qb2 $1 $14) 19... Bxe3 20. Nxe3 Nhf6
21. a4 $5 (21. Rd6 Qc7 22. Rad1 Nf8 23. Qc4 Rac8 24. b5 Re6 25. R6d2 Ree8 26.
Nf5 cxb5 27. Qxc7 Rxc7 28. Nxb5 Rc5 29. Nbd6 Ra8 $11) (21. Qc4 b5 $1 $11) 21...
Qb8 22. Qc4 (22. Nf5 $5 $14) 22... Nf8 23. a5 Ne6 24. Nf5 Bxf5 25. exf5 Nd4 26.
Ne4 Nd7 $5 (26... Nd5 27. f6 $13) 27. a6 Ra7 28. Kh2 b5 $1 29. Qc3 Nxf5 30.
Qxc6 Nd4 31. Qd6 Qxd6 32. Nxd6 Re6 33. Nf5 Nxf5 34. Rxd7 Rxd7 35. a7 Rxa7 36.
Rxa7 e4 37. Rc7 g6 38. Rc5 e3 39. fxe3 Rxe3 40. g4 Nd4 41. Rd5 Rd3 42. Be4 Rd2+
43. Kg3 Kg7 44. Kf4 Ne6+ 45. Ke3 Rh2 46. Rxb5 Rxh3+ 1/2-1/2

[Event "Amsterdam Euwe Memorial"]
[Site "Amsterdam"]
[Date "1991.??.??"]
[Round "2"]
[White "Timman, Jan H"]
[Black "Hjartarson, Johann"]
[Result "1-0"]
[WhiteElo "2630"]
[BlackElo "2535"]
[Annotator "Blatny,P"]
[PlyCount "81"]
[EventDate "1991.05.??"]
[EventType "tourn"]
[EventRounds "9"]
[EventCountry "NED"]
[EventCategory "16"]
[SourceTitle "CBM 023"]
[Source "ChessBase"]
[SourceDate "1991.08.01"]
[SourceVersion "1"]
[SourceVersionDate "1991.08.01"]
[SourceQuality "1"]

1. e4 c5 2. Nf3 e6 3. d4 cxd4 4. Nxd4 a6 5. g3 Nf6 6. Bg2 Qc7 7. O-O Be7 8. Qe2
d6 9. c4 Bd7 10. Nc3 Nc6 (10... O-O 11. Be3 Nc6 12. Rac1 Rac8 13. Nxc6 Bxc6 14.
Nb5 $1 axb5 15. cxb5 Qa5 16. bxc6 bxc6 17. b3 {+/=/+/- ^^ ,a-pawn
Sherzer-Lamza,Budapest Spring Open 1990}) 11. Nb3 Na5 $6 (11... Ne5 12. Nd2 Rc8
13. b3 b5 $6 14. f4 Nc6 (14... Neg4 15. Rf3 $1 {/\ h3} bxc4 16. h3 $1 cxb3 $1 (
16... Nh6 17. Nxc4 $16) 17. axb3 (17. hxg4 $2 b2 $1) 17... Nh6 18. Rxa6 $16 {
(),פh6,b-pawn}) 15. Bb2 (15. cxb5 $4 Nd4 $19) 15... Nd4 16. Qd3 {+/=/+/- (),/
^ a1-h8}) (11... O-O 12. Bf4 {/\ Rd1,c5 ><d6} e5 $6 13. Be3 {/\ Rac1,Rfd1+/-
><d5}) (11... Rc8 $142 $5 {/\ <=> ><c4}) 12. Nxa5 Qxa5 13. e5 $1 dxe5 (13...
Qxe5 14. Qxe5 dxe5 15. Bxb7 Ra7 $8 16. Bg2 {and the absence of Q's on the
board is clearly in White's favour.}) 14. Bxb7 Rb8 15. Bg2 O-O 16. Be3 Rfc8 17.
Ba7 $1 Rb4 18. b3 Qc7 19. Be3 Bc6 20. Bxc6 Qxc6 21. Rfd1 Nd7 22. Na4 $1 $16
Rcb8 23. Rac1 f5 24. Bd2 Rxa4 (24... R4b7 25. c5 $1 {followed by Qc4 and
White's free pawn(s) will decide the game.}) 25. bxa4 Rb2 26. Rb1 Rxa2 27. Ra1
Rxa4 28. Rxa4 Qxa4 29. Bc3 e4 30. Ra1 Qc6 31. Rb1 Bc5 32. Qh5 Nf8 33. Qg5 Qd7
34. Qd2 Qa7 35. Bb4 $1 Qb6 36. Qe1 $18 {פf8} e3 37. Bxc5 Qxc5 38. Qxe3 Qxc4
39. Rb8 Qd5 $138 (39... e5 40. Qxe5 (40. Qa3 $6 Qf7 {/\e4}) 40... Qc1+ 41. Kg2
Qc6+ 42. f3 Qd7 (42... Qc2+ 43. Kh3 Qc6 44. Qxf5 Qh6+ 45. Kg4 $18) 43. Qb2 {
/\ Rb7+-}) 40. Qa3 Qd1+ 41. Kg2 1-0

[Event "ROM-chT"]
[Site "Sovata"]
[Date "1998.??.??"]
[Round "5"]
[White "Bogdan, Dan"]
[Black "Nevednichy, Vladislav"]
[Result "1-0"]
[WhiteElo "2410"]
[BlackElo "2550"]
[Annotator "Bulletin"]
[PlyCount "67"]
[EventDate "1998.??.??"]
[EventType "team"]
[EventRounds "5"]
[EventCountry "ROU"]
[SourceTitle "EXT 1999"]
[Source "ChessBase"]
[SourceDate "1998.11.16"]
[SourceVersion "1"]
[SourceVersionDate "1998.11.16"]
[SourceQuality "1"]

1. d4 Nf6 2. Nf3 b5 3. g3 Bb7 4. Bg2 e6 5. O-O c5 6. a4 b4 7. Nbd2 d5 8. dxc5
Nbd7 9. c6 Bxc6 10. Nd4 Bb7 11. a5 Ba6 (11... a6) 12. Re1 Bd6 (12... e5 13. e4
$1 dxe4 (13... exd4 14. exd5+ Be7 15. d6) 14. Nxe4 $14) 13. e4 O-O 14. exd5
exd5 (14... Nxd5 15. Rxe6 fxe6 16. Nxe6 $16) 15. Nf5 Nc5 16. Nxd6 Qxd6 17. Nf3
Nce4 18. Bf4 Qd7 19. h3 Rac8 20. Be3 Rc7 21. Bf4 Rcc8 22. Be3 Rc7 23. Nd4 Rfc8
24. g4 h6 25. Qf3 Rc5 26. Qf4 Re8 27. f3 Ng5 28. h4 Ngh7 29. Bd2 Rxe1+ 30. Rxe1
g5 31. hxg5 hxg5 32. Qb8+ Bc8 33. Bxb4 Rc4 34. c3 1-0

[Event "London Phillips&Drew Knights"]
[Site "London"]
[Date "1984.??.??"]
[Round "9"]
[White "Johansen, Darryl Keith"]
[Black "Lawton, Geoffrey W"]
[Result "1-0"]
[WhiteElo "2475"]
[BlackElo "2395"]
[Annotator "Bulletin"]
[PlyCount "159"]
[EventDate "1984.04.??"]
[EventType "tourn"]
[EventRounds "15"]
[EventCountry "ENG"]
[EventCategory "4"]
[SourceTitle "EXT 1999"]
[Source "ChessBase"]
[SourceDate "1998.11.16"]
[SourceVersion "1"]
[SourceVersionDate "1998.11.16"]
[SourceQuality "1"]

1. d4 Nf6 2. Nf3 e6 3. Bg5 h6 4. Bxf6 Qxf6 5. e4 d6 6. Nbd2 Nd7 7. c3 g6 8. a4
a5 9. Bd3 Bg7 10. O-O O-O 11. Re1 e5 12. Nc4 Qe7 13. Qb3 b6 14. Ne3 Bb7 15. Nd5
Qd8 16. Rad1 Rb8 17. Bc4 c6 18. Ne3 Qe7 19. Bd3 Ba8 20. Bc2 Rfd8 21. Nc4 Bb7
22. Qa3 Ba6 23. Bb3 exd4 24. Nxd4 Bxc4 25. Nxc6 Qe6 26. Bxc4 Qxc4 27. Qxd6 Bf8
28. Qd5 Qxd5 29. Rxd5 Rdc8 30. Nxb8 Nxb8 31. Red1 Be7 32. Kf1 Kf8 33. Rb5 Rc6
34. b4 axb4 35. cxb4 Na6 36. a5 bxa5 37. bxa5 Rc2 38. Rb6 Nb4 39. a6 Ra2 40.
Rd7 Rxa6 41. Rb8+ Kg7 42. Rxe7 Nc6 43. Ree8 Nxb8 44. Rxb8 Ra4 45. Re8 Ra2 46.
g4 g5 47. Kg2 Ra3 48. h4 gxh4 49. Re5 Ra2 50. Rf5 Ra4 51. f3 Ra1 52. Rh5 Ra2+
53. Kh3 Kg6 54. Rf5 Rf2 55. Kxh4 Rg2 56. Kh3 Rg1 57. Kh2 Rb1 58. Kg3 Kg7 59.
Kf4 Ra1 60. Rd5 Rf1 61. Rd7 Rf2 62. e5 Kg8 63. Rd6 Kg7 64. Ke4 Rf1 65. f4 Rg1
66. Kf5 Rf1 67. Rd2 Kg8 68. Rd6 Kg7 69. e6 fxe6+ 70. Rxe6 Rg1 71. Rg6+ Kh7 72.
Kf6 Rf1 73. f5 Ra1 74. Rg7+ Kh8 75. Re7 Rg1 76. Re4 Kh7 77. Ra4 Rg2 78. Ra7+
Kg8 79. Rg7+ Kh8 80. g5 $1 (80. g5 hxg5 (80... Rxg5 81. Rxg5 hxg5 82. Ke7 g4
83. f6 g3 84. f7 $18) 81. Kg6 Ra2 82. f6 Ra6 83. Re7 Ra8 84. Rh7+ Kg8 85. f7+
Kf8 86. Rh8+ Ke7 87. Rxa8 $18) 1-0

[Event "Yerevan"]
[Site "Yerevan"]
[Date "1989.??.??"]
[Round "?"]
[White "Romanishin, Oleg M"]
[Black "Anastasian, Ashot"]
[Result "1-0"]
[WhiteElo "2555"]
[BlackElo "2475"]
[Annotator "Bulletin"]
[PlyCount "49"]
[EventDate "1989.05.??"]
[EventType "tourn"]
[EventRounds "11"]
[EventCountry "URS"]
[EventCategory "12"]
[SourceTitle "CBM 014"]
[Source "ChessBase"]
[SourceDate "1990.02.01"]
[SourceVersion "1"]
[SourceVersionDate "1990.02.01"]
[SourceQuality "1"]

1. d4 Nf6 2. Nf3 e6 3. g3 c5 4. Bg2 Nc6 5. O-O cxd4 6. Nxd4 Qb6 7. Nb3 a6 8. c4
d6 9. Bf4 Qd8 10. Qd2 Ne5 11. c5 Nc4 12. Qc1 d5 13. e4 Na5 14. exd5 Nxb3 15.
axb3 Nxd5 16. Rd1 Bd7 17. Nc3 Nxf4 18. Qxf4 Bxc5 19. Bxb7 Ra7 20. Ne4 Rxb7 21.
Nxc5 Rc7 22. Qd4 Rf8 23. Rxa6 Qc8 24. Nxd7 Qxa6 (24... Rxd7 25. Qxd7+ Qxd7 26.
Ra8+ $18) 25. Nb6 $1 1-0

[Event "Andorra op 15th"]
[Site "Andorra"]
[Date "1997.??.??"]
[Round "6"]
[White "Kovacevic, Slobodan"]
[Black "Spraggett, Kevin"]
[Result "1/2-1/2"]
[WhiteElo "2420"]
[BlackElo "2580"]
[Annotator "Bulletin"]
[PlyCount "107"]
[EventDate "1997.07.??"]
[EventType "swiss"]
[EventRounds "9"]
[EventCountry "AND"]
[SourceTitle "CBM 058 Extra"]
[Source "ChessBase"]
[SourceDate "1997.07.29"]
[SourceVersion "1"]
[SourceVersionDate "1997.07.29"]
[SourceQuality "1"]

1. d4 Nf6 2. Nf3 d6 3. Bg5 Nbd7 4. Nbd2 h6 5. Bh4 g5 6. Bg3 Nh5 7. e4 Bg7 8. c3
e6 9. Nc4 Qe7 10. Nfd2 Nxg3 11. hxg3 b6 (11... c5 $15) 12. Ne3 Bb7 13. Bd3 c5
14. d5 O-O-O 15. Qe2 Nf6 16. Ba6 Rhe8 17. Bb5 Rg8 18. dxe6 Qxe6 19. Bc4 d5 20.
exd5 Nxd5 21. Nxd5 Bxd5 22. Qxe6+ fxe6 23. f3 Kc7 24. g4 b5 25. Bxd5 exd5 26.
O-O-O Rge8 27. Rde1 c4 28. Kd1 a5 29. Rxe8 Rxe8 30. Re1 Rxe1+ 31. Kxe1 b4 32.
Nb1 a4 33. Kd2 b3 34. axb3 axb3 35. Kd1 Be5 36. Nd2 Kd6 37. Nf1 d4 38. cxd4
Bxd4 39. Kc1 Ke5 40. Ng3 Be3+ 41. Kb1 Bd2 42. Ne2 Kd5 43. Ka1 Bf4 44. Kb1 Be5
45. Kc1 Ke6 46. Kb1 Kf6 47. Nc3 Bxc3 48. bxc3 Kg6 49. g3 h5 50. gxh5+ Kxh5 51.
Kc1 Kg6 52. Kb1 Kf5 53. Kc1 g4 54. f4 1/2-1/2

[Event "Bugojno"]
[Site "Bugojno"]
[Date "1978.03.04"]
[Round "6"]
[White "Larsen, Bent"]
[Black "Tal, Mihail"]
[Result "1/2-1/2"]
[WhiteElo "2620"]
[BlackElo "2625"]
[Annotator "Bulletin"]
[PlyCount "39"]
[EventDate "1978.02.27"]
[EventType "tourn"]
[EventRounds "15"]
[EventCountry "YUG"]
[EventCategory "14"]
[SourceTitle "MCL"]
[Source "ChessBase"]
[SourceDate "1999.07.01"]
[SourceVersion "1"]
[SourceVersionDate "1999.07.01"]
[SourceQuality "1"]

1. d4 Nf6 2. Nf3 e6 3. g3 b5 4. Bg2 Bb7 5. O-O c5 6. c3 cxd4 (6... Be7 7. a4 b4
8. cxb4 cxb4 9. Nbd2 O-O 10. Nb3 d6 11. Ne1 Bxg2 12. Nxg2 Nbd7 $10 {
Petrosian-Polugaevsky, USSR-ch 1977}) 7. cxd4 Be7 8. Bg5 O-O 9. Qd3 Qb6 10.
Nbd2 Nc6 11. Rac1 Nb4 12. Qb1 h6 13. Bxf6 Bxf6 14. e3 Be7 15. Ne5 Bxg2 16. Kxg2
d6 17. Nd3 Qb7+ 18. Kg1 Nd5 19. Rfe1 Rac8 20. Rxc8 1/2-1/2

[Event "World Women-ch"]
[Site "Lvov"]
[Date "2016.03.12"]
[Round "8"]
[White "Muzychuk, Mariya"]
[Black "Hou, Yifan"]
[Result "1/2-1/2"]
[WhiteElo "2554"]
[BlackElo "2673"]
[Annotator "CB"]
[PlyCount "88"]
[EventDate "2016.03.02"]
[EventType "match"]
[EventRounds "10"]
[EventCountry "UKR"]
[SourceTitle "CBM 172"]
[Source "ChessBase"]
[SourceDate "2016.05.12"]
[SourceVersion "1"]
[SourceVersionDate "2016.05.12"]
[SourceQuality "1"]

1. d4 Nf6 2. Nf3 e6 3. g3 d5 4. Bg2 b5 5. O-O Bb7 6. a4 b4 7. c4 a5 8. Bg5 Nbd7
9. Nbd2 Be7 10. Rc1 h6 11. Bxf6 Bxf6 {Diagramm [#]} 12. Qc2 (12. cxd5 $1 Bxd5 (
12... exd5 13. Qc2) 13. e4 {kam in Frage.}) 12... c6 $1 13. e4 O-O 14. e5 Be7
15. c5 {Diagramm [#] Die weißen Möglichkeiten für ein Spiel auf Gewinn
haben sich reduziert.} g5 $1 {Ein interessanter Plan. Hou Yifan spielt
konsequent so, dass weiße Bauernvorstöße am Königsflügel unwirksam
bleiben müssen.} 16. h3 Kg7 17. Rfe1 Rh8 18. Bf1 Qg8 19. Re3 Kf8 20. Ne1 h5
21. Ng2 Ke8 22. Kh2 Nf8 23. Bd3 Ba6 24. f4 {Der letzte Versuch...} Bxd3 25.
Qxd3 Qh7 26. Rf1 (26. Qe2 {hätte an der Bewertung der Stellung nichts
geändert, aber Damentausch ist natürlich nie schön, wenn man unbedingt
gewinnen muss.}) 26... Qxd3 27. Rxd3 gxf4 28. Nxf4 Ng6 29. Nb3 Bg5 30. Nxg6
fxg6 31. Rdf3 Ra7 {Diagramm [#] Die schwarze Stellung ist absolut
verteidigungsfähig.} 32. Kg2 Rg8 33. Kf2 Rf8 34. Kg2 Rxf3 35. Rxf3 Bd8 36. Nc1
g5 37. Nd3 Rg7 38. g4 h4 39. Nc1 Rg8 40. Nb3 Rg7 41. Kf2 Rf7 42. Rxf7 Kxf7 43.
Kf3 Ke8 44. Kf2 Kf7 1/2-1/2